Малиновые облака: Повести и рассказы : Пер. с марийского; Кокшага моя: с голубой каймой, в зеленом платочке; Возвращение; Солдатки; Когда поет жаворонок; Волки; Вею-гармонист; Малиновые облака; Волынщик; Разговор с дедом; Федора и Шарик; Как Стапан дом продавал; Гость; Свои люди...; Кошелек; Расплата; Такая работа; Сноха; Прозрение; Домой; Белое солнце; Звук колокольчика; Немой; Звездное озеро

Dades bibliogràfiques
Autor principal: Артамонов Ю. М. Юрий Михайлович
Sumari:Исключено из фонда НТБ ТПУ
Idioma:rus
Publicat: Йошкар-Ола, Марийское кн. изд-во, 1991
TOC:Кокшага моя: с голубой каймой, в зеленом платочке; Возвращение; Солдатки; Когда поет жаворонок; Волки;
Вею-гармонист; Малиновые облака; Волынщик; Разговор с дедом; Федора и Шарик; Как Стапан дом продавал; Гость; Свои люди...; Кошелек; Расплата; Такая работа; Сноха; Прозрение; Домой; Белое солнце; Звук колокольчика; Немой; Звездное озеро;
Col·lecció:Волжские просторы
Format: MixedMaterials Llibre
KOHA link:https://koha.lib.tpu.ru/cgi-bin/koha/opac-detail.pl?biblionumber=132602

MARC

LEADER 00000nam0a2200000 4500
001 132602
005 20231031134947.0
010 |a 575900171X 
020 |a RU  |b 91-31497 
035 |a (RuTPU)RU\TPU\book\143583 
090 |a 132602 
100 |a 20080304d1991 m y0rusy5003 ca 
101 1 |a rus  |c chm 
102 |a RU 
105 |a a z 000ay 
200 1 |a Малиновые облака  |e Повести и рассказы : Пер. с марийского  |f Ю. М. Артамонов 
210 |a Йошкар-Ола  |c Марийское кн. изд-во  |d 1991 
215 |a 382,[2] с.  |d 20 см 
225 1 |a Волжские просторы 
333 |a Исключено из фонда НТБ ТПУ 
464 |t Кокшага моя: с голубой каймой, в зеленом платочке; Возвращение; Солдатки; Когда поет жаворонок; Волки  |o повести 
464 |t Вею-гармонист; Малиновые облака; Волынщик; Разговор с дедом; Федора и Шарик; Как Стапан дом продавал; Гость; Свои люди...; Кошелек; Расплата; Такая работа; Сноха; Прозрение; Домой; Белое солнце; Звук колокольчика; Немой; Звездное озеро  |o рассказы 
675 |a 894.521  |z rus 
700 1 |a Артамонов  |b Ю. М.  |g Юрий Михайлович  |4 070 
801 0 |a RU  |b RuMRKP  |c 19950417  |g psbo 
801 1 |a RU  |b 63413507  |c 20080304  |g PSBO 
801 2 |a RU  |b 63413507  |c 20210517  |g PSBO 
942 |c BK